El carrousel de Washington
সংরক্ষণ করুন:
| প্রধান লেখক: | |
|---|---|
| বিন্যাস: | গ্রন্থ |
| ভাষা: | স্প্যানিশ |
| প্রকাশিত: |
Santiago
Nascimento
1933
|
| বিষয়গুলি: | |
| ট্যাগগুলো: |
ট্যাগ যুক্ত করুন
কোনো ট্যাগ নেই, প্রথমজন হিসাবে ট্যাগ করুন!
|
MARC
| LEADER | 00000nam a2200000 a 4500 | ||
|---|---|---|---|
| 001 | UCH1886 | ||
| 003 | CL-VaPUC | ||
| 008 | 090514e19330000CL |||||||||||||||||spa|d | ||
| 082 | 0 | 4 | |a 320.973 |b FRA |2 21 |
| 100 | 0 | |a Franulic, Lenka |e author |9 536472 | |
| 245 | 1 | 3 | |a El carrousel de Washington |
| 300 | |a 352 p | ||
| 942 | |c BK | ||
| 945 | |d 20090514 00:00:00 |a dcastane | ||
| 260 | |a Santiago |b Nascimento |c 1933 | ||
| 650 | 7 | |a SISTEMAS POLITICOS |2 CL-VaPUC |9 536473 | |
| 650 | 0 | |a Democracia |9 255256 | |
| 650 | 7 | |a POLITICA INTERNA |2 CL-VaPUC |9 342443 | |
| 650 | 0 | |a Federalismo |9 313886 | |
| 650 | 0 | |a Derechos civiles y políticos |9 338684 | |
| 651 | 0 | |a Estados Unidos |9 255178 | |
| 583 | |a last modification |c 20090514 00:00:00 |k Rodrigo Vera | ||
| 999 | |c 333783 |d 333781 | ||
| 952 | |0 0 |1 0 |4 0 |6 320_973000000000000_FRA_1933 |7 0 |8 X |9 422388 |a FDOBUD |b FDOBUD |d 2019-11-22 |i 4547039 |o 320.973 FRA 1933 |p 4547039 |r 2019-11-22 |w 2019-11-22 |y BK_X |k BUD | ||